Представление документа в формате RUSMARC

ПолеНазваниеЗначение
  Тип записи a
  Библиографический уровень m
001 Контрольный номер RU/SLIB/B/208740288
005 Дата корректировки 20201206204053.7
010 Индекс ISBN __
d Цена 2-80
101 Язык документа __
a Язык текста rus
200 Заглавие и сведения об ответственности 0_
a Заглавие Пустыни
f Первые сведения об ответственности сост.: А. Г. Бабаев [и др.]
b Общее обозначение материала Текст
210 Выходные данные __
a Место издания М.
c Издательство Мысль
d Дата издания 1986
215 Физическое описание __
a Объем 320 с.
c Иллюстрации/тип воспроизводства ил., карт., схем., граф.
225 Серия __
a Серия Природа мира
606 Тематические рубрики __
a Основная рубрика География
y Географическая подрубрика СССР; Россия; Казахстан; Центральная Азия; Иран; Индостан; Аравийский полуостров; Африка; Северная Америка; Южная Америка; Австралия
606 Тематические рубрики __
a Основная рубрика Физическая география в целом
606 Тематические рубрики __
a Основная рубрика Биология
606 Тематические рубрики __
a Основная рубрика Прикладная биология
610 Ключевые слова __
a Ключевые слова природа; пустыни; классификация пустынь; климатические условия; природные условия; освоение пустынь
686 Индексы других классификаций __
a Классификационный индекс 26.82
686 Индексы других классификаций __
a Классификационный индекс 28.080.1
702 Вторичная интеллектуальная ответственность _1
a Фамилия Бабаев
b Имя А. Г.
4 Код отношения Составитель
4 Код отношения 220
702 Вторичная интеллектуальная ответственность _1
a Фамилия Дроздов
b Имя Н. Н.
4 Код отношения Составитель
4 Код отношения 220
702 Вторичная интеллектуальная ответственность _1
a Фамилия Зонн
b Имя И. С.
4 Код отношения Составитель
4 Код отношения 220
702 Вторичная интеллектуальная ответственность _1
a Фамилия Фрейкин
b Имя З. Г.
4 Код отношения Составитель
4 Код отношения 220
801 Источник записи _0
a Страна RU
b Организация Муниципальное бюджетное учреждение культуры "Централизованная библиотечная система" г. Сургут (Центральная городская библиотека им. А. С. Пушкина)
g Правила каталогизации КиК/Михайлова
801 Источник записи _1
a Страна RU
b Организация Муниципальное бюджетное учреждение культуры "Централизованная библиотечная система" г. Сургут (Центральная городская библиотека им. А. С. Пушкина)
g Правила каталогизации КиК/Михайлова
852 Данные о местонахождении __
j Шифр хранения 26.82
c Каталожный индекс 26.82; 28.080.1
i Авторский знак П 89
p Инвентарный номер 26420
901 Тип документа __
t Тип документа m
990 Данные о заказе (DOS) __
j Количество экземпляров (DOS) 1